| 000 | 00656nam a2200241Ia 4500 | ||
|---|---|---|---|
| 003 | OSt | ||
| 005 | 20220918192125.0 | ||
| 006 | a|||||r|||| 00| 0 | ||
| 007 | ta | ||
| 008 | 220917b |||||||| |||| 00| 0 eng d | ||
| 024 | _a67,092 | ||
| 037 | _cTextual | ||
| 040 |
_aARTS _cARTS _beng |
||
| 041 |
_2eng _aeng |
||
| 082 | _aR3xL62, J6 | ||
| 100 |
_aFichte Johann Gottlieb _978385 |
||
| 245 | 0 | _aVocation of man , ed by Roderick M Chisholm | |
| 260 |
_aIndianapolis _bBobbs-Merrill _c1956 |
||
| 300 |
_axx,154p. _ccm. |
||
| 500 | _aBib xixp | ||
| 942 |
_hR3xL62, J6 _cTEXL _2CC |
||
| 999 |
_c193325 _d193325 |
||